Žádná voda, žádná luna : rozjímání nad zenovými příběhy /

Hlavní autor: Ošó, 1931-1990
Další autoři: Krhutová, Daiana
Jazyk: Čeština
Vydáno: Olomouc : Fontána, [2017]
Vydání: Vydání první
Témata:
ego
Fyzický popis: 317 stran ; 21 cm
Knihy
Uloženo v:
LEADER 02541nam a2200733 i 4500
001 nkc20172957057
003 CZ PrNK
005 20171221122804.0
007 ta
008 171124t20172017xr e 000 0 cze
015 |a cnb002957057 
020 |a 978-80-7336-900-2  |q (brožováno) 
035 |a (OCoLC)1019667935 
040 |a OLA001  |b cze  |d ABA001  |e rda 
041 1 |a cze  |h eng 
072 7 |a 22/24  |x Náboženství Dálného východu. Indická náboženství. Hinduismus. Buddhismus  |2 Konspekt  |9 5 
080 |a 244.82  |2 MRF 
080 |a 24-1/-9  |2 MRF 
080 |a 244.82-584.5  |2 MRF 
080 |a 244.82-582/-587  |2 MRF 
080 |a 159.923.2  |2 MRF 
080 |a 13  |2 MRF 
080 |a 159.9.016.1  |2 MRF 
080 |a 244.82-583  |2 MRF 
080 |a 2-664.3  |2 MRF 
080 |a (0:82-32)  |2 MRF 
080 |a (042.3)  |2 MRF 
100 0 |a Ošó,  |d 1931-1990  |7 jn19981001926  |4 aut 
240 1 0 |a No water no moon.  |l Česky 
245 1 0 |a Žádná voda, žádná luna :  |b rozjímání nad zenovými příběhy /  |c Osho ; překlad Daiana Krhutová 
250 |a Vydání první 
264 1 |a Olomouc :  |b Fontána,  |c [2017] 
264 4 |c ©2017 
300 |a 317 stran ;  |c 21 cm 
336 |a text  |b txt  |2 rdacontent 
337 |a bez média  |b n  |2 rdamedia 
338 |a svazek  |b nc  |2 rdacarrier 
500 |a Přeloženo z angličtiny 
650 0 7 |a zen-buddhismus  |7 ph116773  |2 czenas 
650 0 7 |a učení buddhismu  |7 ph162902  |2 czenas 
650 0 7 |a duchovní cesta  |7 ph119626  |x buddhistické pojetí  |2 czenas 
650 0 7 |a sebepoznání  |7 ph116116  |x duchovní pojetí  |2 czenas 
650 0 7 |a ego  |7 ph137003  |2 czenas 
650 0 7 |a mysl a tělo  |7 ph135558  |2 czenas 
650 0 7 |a zenová meditace  |7 ph127635  |2 czenas 
650 0 7 |a synkretismus (náboženství)  |7 ph138309  |2 czenas 
650 0 9 |a Zen Buddhism  |2 eczenas 
650 0 9 |a Buddhist doctrine  |2 eczenas 
650 0 9 |a spiritual path  |x Buddhist approach  |2 eczenas 
650 0 9 |a self-consciousness  |x spiritual approach  |2 eczenas 
650 0 9 |a ego  |2 eczenas 
650 0 9 |a mind and body  |2 eczenas 
650 0 9 |a Zen meditations  |2 eczenas 
650 0 9 |a syncretism (religion)  |2 eczenas 
655 7 |a příběhy  |7 fd133204  |2 czenas 
655 7 |a přednášky  |7 fd133199  |2 czenas 
655 9 |a stories  |2 eczenas 
655 9 |a lectures  |2 eczenas 
700 1 |a Krhutová, Daiana  |7 xx0044904  |4 trl 
910 2 |a BOA001  |b 2-1398.511 
990 |a BK 
995 |a 01 
991 |b 201712  |c NOV 
996 6 |b 2610726803  |c 2-1398.511  |l MZK  |r Sklad / do 1 hodiny  |n 1  |p p.v.  |w 001641989  |u 000010  |a 1  |e BOA001  |j MZK50  |s P